| 000 | 02217nam a22004334a 4500 | ||
|---|---|---|---|
| 001 | ebr10343535 | ||
| 003 | CaPaEBR | ||
| 006 | m u | ||
| 007 | cr cn||||||||| | ||
| 008 | 081031s2009 ncub sb s001 0 eng | ||
| 010 | _z 2008047141 | ||
| 020 | _z9780807832868 (cloth : alk. paper) | ||
| 020 | _z0807832863 (cloth : alk. paper) | ||
| 040 |
_aCaPaEBR _cCaPaEBR |
||
| 035 | _a(OCoLC)456566470 | ||
| 043 | _an-us-nc | ||
| 050 | 1 | 4 |
_aF257 _b.M39 2009eb |
| 082 | 0 | 4 |
_a975.6/102 _222 |
| 100 | 1 |
_aMcIlvenna, Noeleen, _d1963- |
|
| 245 | 1 | 2 |
_aA very mutinous people _h[electronic resource] : _bthe struggle for North Carolina, 1660-1713 / _cNoeleen McIlvenna. |
| 260 |
_aChapel Hill : _bUniversity of North Carolina Press, _cc2009. |
||
| 300 |
_ax, 212 p. : _bmaps. |
||
| 504 | _aIncludes bibliographical references (p. [195]-205) and index. | ||
| 505 | 0 | _aThe first generation. Escape to the swamp, 1660-1663 ; Building the sanctuary, 1664-1673 ; Culpeper's Rebellion, 1673-1680 ; The rise and fall of Seth Sothell, 1681-1695 -- The second generation. Challenge of the Anglicans I : church establishment, 1695-1707 ; Challenge of the Anglicans II : Native American resistance, 1695-1707 ; Cary's Rebellion, 1708-1711 ; One final fight for freedom, 1711-1713. | |
| 533 |
_aElectronic reproduction. _bPalo Alto, Calif. : _cebrary, _d2013. _nAvailable via World Wide Web. _nAccess may be limited to ebrary affiliated libraries. |
||
| 650 | 0 |
_aFarmers _zNorth Carolina _xHistory. |
|
| 650 | 0 |
_aCommunity life _zNorth Carolina _xHistory. |
|
| 650 | 0 |
_aEquality _zNorth Carolina _xHistory. |
|
| 650 | 0 |
_aLandowners _zNorth Carolina _xHistory. |
|
| 650 | 0 |
_aAnglicans _zNorth Carolina _xHistory. |
|
| 650 | 0 |
_aSocial conflict _zNorth Carolina _xHistory. |
|
| 651 | 0 |
_aNorth Carolina _xHistory _yColonial period, ca. 1600-1775. |
|
| 651 | 0 |
_aNorth Carolina _xSocial conditions _y17th century. |
|
| 651 | 0 |
_aNorth Carolina _xSocial conditions _y18th century. |
|
| 651 | 0 |
_aAlbemarle Sound (N.C.) _xHistory. |
|
| 655 | 7 |
_aElectronic books. _2local |
|
| 710 | 2 | _aebrary, Inc. | |
| 856 | 4 | 0 |
_uhttp://site.ebrary.com/lib/rucke/Doc?id=10343535 _zAn electronic book accessible through the World Wide Web; click to view |
| 999 |
_c49397 _d49397 |
||